ՀՀ Գիտությունների ազգային ակադեմիայի հիմնարար գիտական գրադարան  =   Fundamental Scientific Library of NAS RA

Радиочувствительность и лучевая терапия опухолей : (Record no. 262299)

MARC details
000 -LEADER
fixed length control field 01069nam a2200217 a 4500
001 - CONTROL NUMBER
control field 000709151
003 - CONTROL NUMBER IDENTIFIER
control field AM-YeHGA
005 - DATE AND TIME OF LATEST TRANSACTION
control field 20250617142712.0
008 - FIXED-LENGTH DATA ELEMENTS--GENERAL INFORMATION
fixed length control field 100126s1976 ru |||||r|||||000|0|rus|d
040 ## - CATALOGING SOURCE
Original cataloging agency AM-YeHGA
041 0# - LANGUAGE CODE
Language code of text/sound track or separate title rus
090 ## - LOCALLY ASSIGNED LC-TYPE CALL NUMBER (OCLC); LOCAL CALL NUMBER (RLIN)
-- 263921
245 00 - TITLE STATEMENT
Title Радиочувствительность и лучевая терапия опухолей :
Remainder of title Тезисы конференции /
Statement of responsibility, etc. Редкол.: С.П. Ярмоненко и др. ; Центральный научно-исследовательский рентгено-радиологический институт.
260 ## - PUBLICATION, DISTRIBUTION, ETC.
Place of publication, distribution, etc. Ленинград :
Name of publisher, distributor, etc. Медицина,
Date of publication, distribution, etc. 1976.
300 ## - PHYSICAL DESCRIPTION
Extent Часть ;
Dimensions 20 см.
505 0# - FORMATTED CONTENTS NOTE
Miscellaneous information Ч. 1 (1976, 59 с.)
-- Ч. 2 (1976, 59 с.)
650 14 - SUBJECT ADDED ENTRY--TOPICAL TERM
Topical term or geographic name entry element Опухоли
General subdivision Рентгенотерапия
650 14 - SUBJECT ADDED ENTRY--TOPICAL TERM
Topical term or geographic name entry element Лучевая терапия
700 1# - ADDED ENTRY--PERSONAL NAME
Personal name Ярмоненко, С.П.
Relator term ред.
Relationship edt
710 2# - ADDED ENTRY--CORPORATE NAME
Corporate name or jurisdiction name as entry element Центральный научно-исследовательский рентгено-радиологический институт
Holdings
Withdrawn status Lost status Damaged status Not for loan Collection Home library Current library Date acquired Serial enumeration / chronology Total checkouts Full call number Barcode Date last seen Price effective from Koha item type Public note
        General Fundamental Scientific Library Fundamental Scientific Library 29/12/2016 Ч. 1   РII/385472 FL0369800 29/12/2016 29/12/2016 Գրքեր / Books 30 Days Loan
        General Fundamental Scientific Library Fundamental Scientific Library 29/12/2016 Ч. 2   РII/385473 FL0369801 29/12/2016 29/12/2016 Գրքեր / Books 30 Days Loan


ՀՀ ԳԱԱ հիմնարար գիտական գրադարան
ՀՀ,Երևան 0019
Մարշալ Բաղրամյան 24/6
հեռախոս:(374-10) 52-47-50
Հետադարձ կապ

All site content, except where otherwise noted, is licensed under a
Creative Commons License